Southeast Asian Languages in Google Translate - Statistics

General Stats
  • This quiz has been taken 133 times
  • The average score is 10 of 12
Answers on the Map
Answers color-coded by a green-red scale on the quiz's map according to % correct below.
 
Answer Stats
Native Speakers (M) Language % Correct
76 Vietnamese
98%
45 Filipino
96%
36 Thai
96%
77 Malay
94%
33 Myanmar (Burmese)
91%
30 Lao
90%
16 Khmer
89%
43 Indonesian
86%
82 Javanese
82%
19.67 Cebuano
65%
40 Sundanese
55%
3.7 Hmong
46%
No matching quizzes found
Score Distribution
Percent of People with Each Score
Percentile by Number Answered
Your Score History
You have not taken this quiz